| 000 | 00573nam a2200217 a 4500 | ||
|---|---|---|---|
| 001 | 0001-2175 | ||
| 003 | ELIB.Books | ||
| 008 | 190802 2010 eng | ||
| 020 | _a9781602600546 | ||
| 092 |
_a291 _bWoo |
||
| 100 | _aWoods, Len. | ||
| 245 | _aHandbook of World Religions | ||
| 260 |
_aUhrichsville _bBarbour Publishing _c2008 |
||
| 300 |
_a258 _c20.5cm |
||
| 650 | _aWorld Religions | ||
| 856 |
_nKBTS Library _uKBTS Elib |
||
| 942 |
_2ddc _cBK |
||
| 990 | _a2 | ||
| 998 |
_aEnglishbooks.elf _ccat _e2019-08-02 _mcat _u2019-10-11 |
||
| 999 |
_c12175 _d12175 |
||